000 00847cam a22002411 4500
001 gs 29000112
003 DLC
005 20260227111333.0
008 820915s1928 au af 000 0 ger c
010 _ags 29000112
035 _a(OCoLC)8774582
040 _aU.S. Geol. Survey. Libr.
_cPPAN
_dDLC
042 _apremarc
050 0 0 _aGB204.S8
_bS6
100 1 _aSölch, Johann,
_d1883-1951.
245 1 4 _aDie landformung der Steiermark (grundzüge einer morphologie)
_cVon dr. Joh. Sölch ...
260 _aGraz,
_bIm Verlage des Naturwissenschaftlichen Vereines für Steiermark,
_c1928.
300 _a221 p.
_b17 pl. (1 fold.) on 9 l., fold. tab.
_c23 cm.
500 _aPlates and table in pocket.
504 _a"Schriftenverzeichnis": p. [204]-214.
650 0 _aPhysical geography
_zAustria
_zStyria.
650 0 _aGeology
_zAustria
_zStyria.
999 _c26712
_d26712